Analýza nízkofrekvenčných magnetických parametrov fero- a ferimagnetických materiálov

Uložené v:
Podrobná bibliografia
Hlavný autor: Kellner, Branislav (Autor)
Ďalší autori: Ušák, Elemír (Vedúci práce)
Médium: Rukopis Kniha
Jazyk:Slovak
Vydavateľské údaje: Bratislava : STU v Bratislave FEI, 2023
Predmet:
On-line prístup:https://opac.crzp.sk/?fn=detailBiblioFormChildS1A57&sid=2D2C61E4341E53665B64143BFA9A&seo=CRZP-detail-kniha
Tagy: Pridať tag
Žiadne tagy, Buďte prvý, kto otaguje tento záznam!

MARC

LEADER 00000ntm a22000003a 4500
001 stuzp91288
003 SK-STU
005 20241125131411.1
007 ta
008 150427s2015----xo-----f-mn---000-0-slo-d
040 |a STU  |b slo 
041 0 |a slo 
044 |a xo 
100 1 |a Kellner, Branislav  |u 034000  |4 aut  |U FEI Fakulta elektrotechniky a informatiky  |T FEI Ústav elektrotechniky  |X 98091  |U E040  |Y 550  |7 98091 
242 0 1 |a Analysis of low-frequency magnetic parameters of ferro- and ferrimagnetic materials  |y eng 
245 1 0 |a Analýza nízkofrekvenčných magnetických parametrov fero- a ferimagnetických materiálov 
260 |a Bratislava :  |b STU v Bratislave FEI,  |c 2023 
300 |a 74 s. 
650 4 |a magnetizmus  |2 slo 
650 4 |a fero- a ferimagnetické materiály  |2 slo 
650 4 |a hysterézne slučky  |2 slo 
650 4 |a ferro- and ferrimagnetic materials  |2 eng 
650 4 |a hysteresis loops  |2 eng 
650 4 |a magnetism  |2 eng 
700 1 |a Ušák, Elemír  |u 034000  |k Z1  |4 ths  |U FEI Fakulta elektrotechniky a informatiky  |T FEI Ústav elektrotechniky  |X 1863  |U E040  |Y 550  |7 A000001863 
856 4 |u https://opac.crzp.sk/?fn=detailBiblioFormChildS1A57&sid=2D2C61E4341E53665B64143BFA9A&seo=CRZP-detail-kniha